Espanjan imperiumin nykyiset valtiot kartalla - Statistics

Yleistilastot
  • Tätä visaa on pelattu 2 462 kertaa
  • Keskiarvotulos 26 / 33
Vastaukset kartalla
Vastauksille on annettu kartalla punavihreä väri sen mukaan, kuinka moni on saanut sen oikein.
 
Vastaustilastot
Valtio % Oikein
Meksiko
98%
Yhdysvallat
97%
Chile
96%
Espanja
95%
Peru
94%
Kolumbia
93%
Kuuba
93%
Argentiina
92%
Venezuela
92%
Paraguay
91%
Uruguay
91%
Bolivia
90%
Brasilia
89%
Panama
89%
Ecuador
87%
Honduras
83%
Guyana
81%
Costa Rica
80%
Nicaragua
80%
El Salvador
78%
Guatemala
77%
Dominikaaninen tasavalta
76%
Filippiinit
76%
Belize
75%
Bahama
73%
Marokko
59%
Mikronesia
59%
Nauru
57%
Palau
54%
Marshallinsaaret
50%
Kanada
44%
Trinidad ja Tobago
44%
Yhdistynyt kuningaskunta
37%
Ehtoja vastaavia visoja ei löytynyt
Tulosjakauma
Jokaisen tuloksen saaneiden osuus
Persentiili vastausten määrän mukaan
Tuloshistoriasi
Et ole pelannut tätä visaa